Pola penyeliaan praktikum guru bimbingan dan kaunseling sekolah rendah /
محفوظ في:
| المؤلف الرئيسي: | |
|---|---|
| التنسيق: | أطروحة كتاب |
| اللغة: | Malay |
| منشور في: |
2012.
|
| الموضوعات: | |
| الوصول للمادة أونلاين: | http://studentsrepo.um.edu.my/id/eprint/3859 |
| الوسوم: |
إضافة وسم
لا توجد وسوم, كن أول من يضع وسما على هذه التسجيلة!
|
| LEADER | 01482cam a2200313 a 4500 | ||
|---|---|---|---|
| 001 | u867792 | ||
| 003 | SIRSI | ||
| 005 | 201211020944 | ||
| 008 | 121102s2012 my a t 000 0 may m | ||
| 040 | |a UMM | ||
| 090 | |a LB7 |b UMP 2012 Mohzmn | ||
| 100 | 0 | |a Mohd Zarawi Mat Nor. | |
| 245 | 1 | 0 | |a Pola penyeliaan praktikum guru bimbingan dan kaunseling sekolah rendah / |c Mohd Zarawi bin Mat Nor. |
| 260 | |c 2012. | ||
| 300 | |a xviii, 331 leaves : |b ill. ; |c 30 cm. | ||
| 502 | |a Thesis (Ph.D) -- Jabatan Psikologi Pendidikan dan Kaunseling, Fakulti Pendidikan, Universiti Malaya, 2012. | ||
| 504 | |a Bibliography: leaves 295-306. | ||
| 530 | |a Also issued in CD. | ||
| 596 | |a 1 8 25 | ||
| 650 | 0 | |a Counseling psychology |x Study and teaching (Primary) |z Malaysia. | |
| 650 | 0 | |a Counselor educators |z Malaysia. | |
| 650 | 0 | |a Counseling |x Study and teaching (Primary) |z Malaysia |x Supervision. | |
| 650 | 0 | |a Counseling in elementary education |z Malaysia. | |
| 710 | 2 | |a Universiti Malaya. |b Jabatan Psikologi Pendidikan dan Kaunseling. | |
| 856 | 4 | 1 | |u http://studentsrepo.um.edu.my/id/eprint/3859 |
| 900 | |a AT-ZA | ||
| 999 | |a LB7 UMP 2012 MOHZMN |w LC |c 1 |i A515361415 |d 28/3/2017 |e 28/3/2017 |f 2/2/2016 |g 2 |l STACKS |m P01UTAMA |n 7 |r Y |s Y |t TESIS |u 21/11/2013 | ||
| 999 | |a LB7 UMP 2012 MOHZMN |w LC |c 1 |i A516383235 |d 2/2/2016 |f 2/2/2016 |g 1 |l STACKS |m P08PENDIDI |r Y |s Y |t TESIS |u 2/2/2016 |1 AHSS | ||
| 999 | |a LB7 UMP 2012 MOHZMN |w LC |c 1 |i A515361401 |d 12/10/2018 |f 12/10/2018 |g 1 |l STACKS |m P25UMARCHI |r Y |s Y |t CD |u 12/10/2018 |1 AHSS | ||
